| 000 | 00702nam a2200241 a 4500 | ||
|---|---|---|---|
| 005 | 20210219153152.0 | ||
| 008 | 991125n 000 0 u | ||
| 035 | _aUPN01000081616 | ||
| 100 | _aGiles, Timothy D. | ||
| 222 | 0 | _aJOURNAL OF DEVELOPMENTAL EDUCATION | |
| 245 | 0 | _aIdeas in practice : The search key as a grassroots grammar checker | |
| 300 | _a28-31 | ||
| 362 | _a41, No. 3, 1993 | ||
| 505 | _aJunio 1993 | ||
| 653 | 0 | _aDISEÑO ASISTIDO POR ORDENADOR | |
| 653 | 0 | _aESCRITURA BASICA | |
| 653 | 0 | _aGRAMATICA | |
| 653 | 0 | _aINSTRUCCION TERAPEUTICA | |
| 653 | 0 | _aMEJORAMIENTO DE LA ESCRITURA | |
| 653 | 0 | _aPROCESAMIENTO DE PALABRAS | |
| 904 |
_aAC _b019427 |
||
| 905 | _aArticulo | ||
| 999 |
_c70043 _d70043 |
||